Střední Asie dvacet let od rozpadu Sovětského svazu formování a perspektivy režimů

Geografická a historická determinácia stredoázijského priestoru. Sociálne siete stredoázijských republík. Prehľad stredoázijských prezidentov. Osobnostný charakter lídrov. Perspektíva výmeny prezidentov.

Salvato in:
Dettagli Bibliografici
Autore principale: Horák, Slavomír
Natura: Capitolo di libro
Lingua:ceco
Soggetti:
Tags: Aggiungi Tag
Nessun Tag, puoi essere il primo ad aggiungerne!!

MARC

LEADER 00000naa a2200000 4500
001 0146103
005 20231016094456.6
041 0 |a cze 
044 |a CZ 
245 1 0 |a Střední Asie dvacet let od rozpadu Sovětského svazu  |b formování a perspektivy režimů  |c Slavomír Horák 
520 |a Geografická a historická determinácia stredoázijského priestoru. Sociálne siete stredoázijských republík. Prehľad stredoázijských prezidentov. Osobnostný charakter lídrov. Perspektíva výmeny prezidentov. 
610 2 0 |a politika vnútorná 
610 2 0 |a politika zahraničná 
610 2 0 |a nezávislosť 
610 2 0 |a štát 
610 2 0 |a vláda 
610 2 0 |a moc politická 
610 2 0 |a prezidenti 
610 2 0 |a stredná Ázia 
100 1 |a Horák, Slavomír